| 000 | 00556cam a22002052 4500 | ||
|---|---|---|---|
| 001 | 0000019727 | ||
| 005 | 20151217145919.0 | ||
| 008 | 110124s xx 000 0 eng d | ||
| 020 | _a0521675802 : | ||
| 040 |
_aKABU _cKABU |
||
| 100 | 1 |
_aMurphy, Raymond. _@0000154934 |
|
| 245 | 1 | 0 | _aEssential grammar in use. |
| 250 | _a3rd ed. | ||
| 260 |
_aCambridge : _bCUP, _c2007. |
||
| 300 | _a319 p. | ||
| 650 | 0 |
_aEnglish language _xGrammar. _@0000151342 |
|
| 852 | 1 | _9p1640 KES | |
| 908 | _a110124 | ||
| 950 | _@1 | ||
| 999 |
_c4005 _d4005 |
||